000 00620nam a2200205Ii 4500
003 JO-AjNU
008 230605s9999||||xx |||||||||||||| ||und||
017 _a1986/903
040 _aJO-AjNU
_bara
_erda
_cJO-AjNU
041 _aara
050 1 4 _aPJ7862.A633.A15 1986
100 3 _aتأليف سمارة،محمد,
_eauthor
_921010
245 0 0 _aطقوس مسائية
264 3 1 _aبغداد: دار الشؤون الثقافية، 1986
300 _a146ص
336 _atext
_btxt
_2rdacontent
337 _aunmediated
_bn
_2rdamedia
338 _avolume
_bnc
_2rdacarrier
650 4 _aالأدب العربي
_921011
999 _aA7227
_c10795
_d10795